| 000 | 00353cas a2200133I 4500 | ||
|---|---|---|---|
| 040 | _cKSW | ||
| 082 | _a658 PER 1963 A105 Or. | ||
| 245 | 0 | 0 | _aPersonnel management. |
| 260 |
_a[London : _bBusiness Publications] |
||
| 300 |
_av. : _bill., ports. ; _c30 cm. |
||
| 650 | 0 | _aPersonnel management | |
| 710 | 2 | _aInstitute of Personnel Management. | |
| 942 | _cEK | ||
| 999 |
_c16228 _d16228 |
||